European Competitions Top 5 Scorers: 2021/22 - Statistics

General Stats
  • This quiz has been taken 2 times
  • The average score is 8 of 16
Answer Stats
Competition Goals Club Nationality Player % Correct
Champions League 15 Real Madrid France Karim Benzema
100%
Champions League 8 Liverpool Egypt Mohamed Salah
100%
Champions League 7 Manchester City Algeria Riyad Mahrez
100%
Champions League 13 Bayern Munich Poland Robert Lewandowski
100%
Europa League 6 Braga/Porto Brazil Galeno
50%
Europa League 7 Rangers England James Tavernier
50%
Europa League 6 Lyon Cameroon Karl Toko Ekambi
50%
Conference League 6 Feyenoord Colombia Luis Sinisterra
50%
Europa League 5 Leicester Zambia Patson Daka
50%
Champions League 11 Ajax Ivory Coast Sebastian Haller
50%
Conference League 9 Roma England Tammy Abraham
50%
Champions League 7 RB Leipzig France Christopher Nunku
0%
Conference League 10 Feyenoord Nigeria Cyriel Dessers
0%
Europa League 5 Eintracht Frankfurt Japan Daichi Kamada
0%
Conference League 6 Bodo/Glimt Norway Ola Solbakken
0%
Conference League 6 Slavia Prague Nigeria Yira Sor
0%
No matching quizzes found
Score Distribution
Percent of People with Each Score
Percentile by Number Answered
Your Score History
You have not taken this quiz